La modernización del derecho privado /

Bibliographic Details
Main Author: Jaramillo J., Carlos Ignacio (Author)
Format: Electronic eBook
Language:Spanish
Published: Santiago, Chile : Ediciones Olejnik, [2021]
Series:Biblioteca de derecho privado.
Subjects:
Online Access:Digitalia Hispánica

MARC

LEADER 00000nam a2200000Ii 4500
001 DIGOLEJNK0162
003 NyNyDIG
006 m o d
007 cr |||||||||||
008 220528s2021 cl ob 000 0 spa d
035 |a (OCoLC)1335135249 
040 |a DGITA  |b eng  |e rda  |e pn  |c DGITA 
020 |z 9789563929379 
050 1 4 |a K623 ebook 
100 1 |a Jaramillo J., Carlos Ignacio,  |e author. 
245 1 3 |a La modernización del derecho privado /  |c Carlos Ignacio Jaramillo J. 
264 1 |a Santiago, Chile :  |b Ediciones Olejnik,  |c [2021] 
300 |a 1 online resource. 
336 |a text  |b txt  |2 rdacontent 
337 |a computer  |b c  |2 rdamedia 
338 |a online resource  |b cr  |2 rdacarrier 
347 |a text file  |2 rdaft 
347 |b PDF 
490 1 |a Biblioteca de derecho privado 
504 |a Includes bibliographical references. 
588 0 |a Online resource; title from PDF title page (Digitalia, viewed May 28, 2022) 
650 0 |a Civil law  |x Codification. 
655 0 |a Electronic books. 
791 2 |a Digitalia (Firm),  |e distributor. 
793 0 |g Digitalia eBook Collection:  |a Ediciones Olejnik 
776 0 8 |i Print version:  |a Jaramillo J., Carlos Ignacio.  |t Modernización del derecho privado.  |b Primera edición en Ediciones Olejnik.  |d Santiago, Chile : Ediciones Olejnik, 2021  |z 9789563929379 
830 0 |a Biblioteca de derecho privado. 
856 4 0 |3 Digitalia Hispánica  |u https://www.digitaliapublishing.com/a/104343/ 
910 |a Premium collection: 2022